000 00591nam a2200169 i 4500
001 73051
003 ES-MaACL
005 20230906171643.0
007 t|
008 040906s1972 sp ||||1| spa d
100 1 _aGómez Barnusell, Alfredo.
_957828
245 1 3 _aEl Magistrado como profesión
_b: estudio sociológico del Magisterio Nacional en las Islas Baleares /
_cAlfredo Gómez Barnusell ; prólogo de Miguel Siguan Soler.
260 _aBarcelona :
_bAriel,
_c[1972]
300 _aXV, 303 p. ;
_c24 cm.
700 1 _aSiguán, Miguel.
_9106313
852 _aES-MaACL
_jC-42597
_bR.81759
999 _c73051
_d73051